|
|
|
|
| LEADER |
02776cam a2200721 i 4500 |
| 001 |
nkc20213312384 |
| 003 |
CZ PrNK |
| 005 |
20231123121243.0 |
| 007 |
ta |
| 008 |
210827s2021 xr ach f c 000 0 cze d |
| 015 |
|
|
|a cnb003312384
|
| 020 |
|
|
|a 978-80-270-9444-8
|q (vázáno)
|
| 035 |
|
|
|a (OCoLC)1412782501
|
| 040 |
|
|
|a CBA001
|b cze
|d BOA001
|e rda
|
| 043 |
|
|
|a e-xr---
|b e-xr-cc
|2 czenas
|
| 045 |
|
|
|a w-w-
|
| 072 |
|
7 |
|a 73
|x Sochařství, keramika, porcelán, umělecké zpracování kovů
|2 Konspekt
|9 21
|
| 080 |
|
|
|a 738.1:75.05
|2 MRF
|
| 080 |
|
|
|a 642.727.3
|2 MRF
|
| 080 |
|
|
|a 666.5:334.716
|2 MRF
|
| 080 |
|
|
|a 666.5
|2 MRF
|
| 080 |
|
|
|a 069.5-027.551
|2 MRF
|
| 080 |
|
|
|a (437.31-15)
|2 MRF
|
| 080 |
|
|
|a (048.8)
|2 MRF
|
| 080 |
|
|
|a (083.82)
|2 MRF
|
| 080 |
|
|
|a (084.11)
|2 MRF
|
| 100 |
1 |
|
|a Hořava, Jiří,
|d 1951-
|7 ola2014845920
|4 aut
|
| 245 |
1 |
0 |
|a Šálky západočeských porcelánek z první poloviny 19. století ze soukromých sbírek /
|c Jiří Hořava
|
| 246 |
1 |
8 |
|a Šálky západočeských porcelánek
|
| 250 |
|
|
|a Vydání první
|
| 264 |
|
1 |
|a Třeboň :
|b Jiří Hořava,
|c 2021
|
| 300 |
|
|
|a 295 stran :
|b ilustrace (převážně barevné), portréty, faksimile ;
|c 27 cm
|
| 336 |
|
|
|a text
|b txt
|2 rdacontent
|
| 336 |
|
|
|a statický obraz
|b sti
|2 rdacontent
|
| 337 |
|
|
|a bez média
|b n
|2 rdamedia
|
| 338 |
|
|
|a svazek
|b nc
|2 rdacarrier
|
| 500 |
|
|
|a 650 výtisků
|
| 504 |
|
|
|a Obsahuje bibliografii a bibliografické odkazy
|
| 648 |
|
7 |
|a 19. století
|7 ch460557
|2 czenas
|
| 650 |
0 |
7 |
|a malovaný porcelán
|7 ph328385
|z Česko
|y 19. století
|2 czenas
|
| 650 |
0 |
7 |
|a šálky a podšálky
|7 ph609730
|z Česko
|y 19. století
|2 czenas
|
| 650 |
0 |
7 |
|a porcelánky
|7 ph128157
|z Česko
|y 19. století
|2 czenas
|
| 650 |
0 |
7 |
|a porcelánové výrobky
|7 ph115821
|z Česko
|y 19. století
|2 czenas
|
| 650 |
0 |
7 |
|a soukromé sbírky
|7 ph135214
|z Česko
|2 czenas
|
| 650 |
0 |
9 |
|a painted porcelain
|z Czechia
|y 19th century
|2 eczenas
|
| 650 |
0 |
9 |
|a cups and saucers
|z Czechia
|y 19th century
|2 eczenas
|
| 650 |
0 |
9 |
|a porcelain factories
|z Czechia
|y 19th century
|2 eczenas
|
| 650 |
0 |
9 |
|a porcelain products
|z Czechia
|y 19th century
|2 eczenas
|
| 650 |
0 |
9 |
|a private collections
|z Czechia
|2 eczenas
|
| 651 |
|
7 |
|a Čechy západní (Česko)
|7 ge131656
|2 czenas
|
| 651 |
|
9 |
|a Bohemia, Western (Czechia)
|2 eczenas
|
| 655 |
|
7 |
|a monografie
|7 fd132842
|2 czenas
|
| 655 |
|
7 |
|a katalogy
|7 fd132535
|2 czenas
|
| 655 |
|
7 |
|a obrazové publikace
|7 fd132947
|2 czenas
|
| 655 |
|
9 |
|a monographs
|2 eczenas
|
| 655 |
|
9 |
|a catalogs
|2 eczenas
|
| 655 |
|
9 |
|a pictorial works
|2 eczenas
|
| 910 |
2 |
|
|a BOA001
|b 3-1482.276
|
| 920 |
|
|
|a 1083367
|z CBA001
|
| 990 |
|
|
|a BK
|
| 995 |
|
|
|a 01
|
| 991 |
|
|
|b 202203
|c NOV
|
| 996 |
6 |
|
|b 2610893492
|c 3-1482.276
|l MZK
|r Sklad / do 1 hodiny
|n 0
|p p.v.
|w 001877376
|u 000010
|a 1
|e BOA001
|j MZK50
|s P
|